00625nam a2200241 u 450000100070000000500170000700800410002403500110006503500210007604000130009704100080011008000070011810000290012524500750015425000090022926000340023830000180027265000230029065000240031365000150033765000190035265000120037114736920260506075923.0971119s1921 fre  a147369 a(OCoLC)777996594 ccomduadb afre aWB10aHuchard, Henry4auteaut10aLa therapeutique en vingt medicaments : la therapeutique en clientele. a5ed. aFrancia :bA. Maloine,c1921. a339 páginas 7aTerapéutica2dcs 7aFarmacología2dcs aArsénico 7aMercurio2lemb aQuinina